| 000 | 01009cam a2200193 i 4500 | ||
|---|---|---|---|
| 005 | 20260701152955.0 | ||
| 020 | _a9789361569876 | ||
| 041 | _aENG | ||
| 082 |
_a327.54 _bSRE |
||
| 100 | 1 | _aSreeram, Chaulia | |
| 245 | 1 | 0 |
_aFriends : _bIndia's closest strategic partners / _cSreeram Chaulia. |
| 260 |
_aNew Delhi : _bRupa Publication , _c2024 . |
||
| 300 |
_a296 pages ; _c23 cm . |
||
| 504 | _aIncludes bibliographical references and index. | ||
| 505 | _a1. Feeding the koi fish: Japan and India in Broader Asia -- 2. Reaching the top tier: Australia and India in a new era -- 3. Two Great Powers: The USA and India in the Asian century -- 4. The Long Bear Hug: Russia and India Against All Odds -- 5. Independent and Aligned: France and India in a Multipolar World -- 6. Brothers in Arms: Israel and India Take on Common Dangers -- 7. I Too, You Too: The UAE and India in a Transformative Embrace | ||
| 650 |
_aForeign relations _y21st century |
||
| 650 | _aStrategic partnerships. | ||
| 942 |
_2ddc _cBK |
||
| 999 |
_c24369 _d24369 |
||